Welcome to the Holygrace Academy Library

Please use search bar below to get started

ESSENTIAL SCHOOL ESSAYS (Record no. 3724)

MARC details
000 -LEADER
fixed length control field 00211nam a22000977a 4500
082 ## - DEWEY DECIMAL CLASSIFICATION NUMBER
Classification number 824
Item number SRE/E
245 ## - TITLE STATEMENT
Title ESSENTIAL SCHOOL ESSAYS
260 ## - PUBLICATION, DISTRIBUTION, ETC. (IMPRINT)
Place of publication MUMBAI
Name of publisher SHREE BOOK CENTRE
650 ## - SUBJECT ADDED ENTRY--TOPICAL TERM
Topical Term ESSAY
Geographic subdivision MUMBAI
942 ## - ADDED ENTRY ELEMENTS (KOHA)
Koha item type Books
Holdings
Withdrawn status Lost status Collection code Home library Current library Shelving location Date acquired Source of acquisition Cost, normal purchase price Full call number Accession Number Koha item type
    Reference Main Library Main Library SHELF-16B -ENGLISH SPEECHES,ESSAYS,QUOTES 11/10/2012 PURCHASE 135.00 824 SRE/E 03457 Books